Statistics for Among Us 18 Colors!

Click here to take the quiz!

General Stats

  • This quiz has been taken 93 times
  • The average score is 15 of 18

Answer Stats

Answer% Correct
Blue
98%
Red
98%
Yellow
97%
Black
95%
Green
95%
Brown
93%
Orange
93%
Pink
93%
Purple
90%
White
88%
Gray / Grey
86%
Cyan
81%
Lime
75%
Tan
59%
Banana
56%
Maroon
56%
Rose
49%
Coral
47%

Score Distribution

Percentile by Number Answered

Percent of People with Each Score

Your Score History

You have not taken this quiz